Leo marinho (Record no. 184275)

MARC details
000 -LÍDER
campo de controle de tamanho fixo 00344 a2200169 4500
001 - NÚMERO DE CONTROLE
campo de controle 184275
020 ## - ISBN - INTERNATIONAL STANDARD BOOK NUMBER
ISBN - International Standard Book Number 85-322-3905-6
040 ## - FONTE DA CATALOGAÇÃO
Instituição que transcreveu o registro Magnum
100 ## - ENTRADA PRINCIPAL--NOME PESSOAL
Nome pessoal Porto, Cristina
240 10 - TÍTULO UNIFORME
Título uniforme Leo marinho
Idioma da obra por
245 10 - TÍTULO
Título Leo marinho
300 ## - DESCRIÇÃO FÍSICA
Extensão 24
362 0# - DATAS DE PUBLICAÇÃO E/OU DESIGNAÇÃO SEQUENCIAL
Datas de publicação e/ou designação sequencial 1998
440 #1 - DECLARAÇÃO DE SÉRIE/ENTRADA ADICIONADA--TÍTULO
Título FTD
697 ## - ENTRADA DE ASSUNTO LOCAL--ENTIDADE COLETIVA (RLIN)
Nome corporativo ou nome da jurisdição LITERATURA INFANTO-JUVENIL
942 ## - ELEMENTOS DE ENTRADA ADICIONADOS (KOHA)
Tipo de material Koha Livros
Holdings
Situação do descarte Situação das perdas Situação física Não pode ser emprestado Biblioteca de origem Biblioteca atual Data de aquisição Total de empréstimos Número de chamada completo Código de barras Data de último acesso Data do preço efetivo Tipo de material Koha
        Magnum Magnum 08/06/2024   869.2.134 MAG00042724 08/06/2024 08/06/2024 Livros
        Magnum Magnum 08/06/2024   869.2.134 MAG00042725 08/06/2024 08/06/2024 Livros
        Magnum Magnum 08/06/2024   869.2.134 MAG00042763 08/06/2024 08/06/2024 Livros
        Magnum Magnum 08/06/2024   869.2.134 MAG00042765 08/06/2024 08/06/2024 Livros
        Magnum Magnum 08/06/2024   869.2.134 MAG00042767 08/06/2024 08/06/2024 Livros
        Magnum Magnum 08/06/2024   869.2.134 MAG00042768 08/06/2024 08/06/2024 Livros
        Magnum Magnum 08/06/2024   869.2.134 MAG00042769 08/06/2024 08/06/2024 Livros